000 00766nam a2200277 a 4500
003 AR-BaBNM
005 20251128203544.0
008 082120s2002 ||||||||||||||000 | spa||
020 _a950-620-056-4
040 _cAR-BaBNM
245 0 0 _aBreve historia de la problemática argentina
_bJuan D. Perón
260 _aBuenos Aires
_bClaridad
_c1989
300 _a159 p.
490 0 _aBreve historia
610 2 4 _aPartido Justicialista
650 4 _aDEMOCRACIA
650 4 _aPARTIDOS POLITICOS ARGENTINOS
650 4 _aHISTORIA POLITICA
650 4 _aHISTORIA DE LAS IDEAS
650 4 _aPRESIDENCIAS ARGENTINAS
653 _aPERONISMO
700 1 _aRom, Eugenio P.
_ecompilador
800 1 _aTaboada, Gabriel
_edirector
942 _cBK
998 _cmariana
999 _c3923
_d3923